Změny v oblasti předčasných důchodů ve vybraných zemích Evropy

Demografické zmeny, prebiehajúce v celej EÚ a konkrétne reformy programov predčasného odchodu do dôchodku, které boli prijaté vo vybraných krajinách v priebehu niekoľkých posledných rokov.

Salvato in:
Dettagli Bibliografici
Autore principale: Krebs, Vojtěch
Natura: Capitolo di libro
Lingua:ceco
Soggetti:
Tags: Aggiungi Tag
Nessun Tag, puoi essere il primo ad aggiungerne!!

MARC

LEADER 00000nla a2200000 4500
001 0186866
005 20220317120409.2
041 0 |a cze 
044 |a SK 
245 1 0 |a Změny v oblasti předčasných důchodů ve vybraných zemích Evropy  |c Vojtěch Krebs 
520 |a Demografické zmeny, prebiehajúce v celej EÚ a konkrétne reformy programov predčasného odchodu do dôchodku, které boli prijaté vo vybraných krajinách v priebehu niekoľkých posledných rokov. 
610 2 0 |a demografia 
610 2 0 |a vývoj populačný 
610 2 0 |a dôchodky 
610 2 0 |a dôchodky starobné 
610 2 0 |a Európska únia 
100 1 |a Krebs, Vojtěch